Profile of electronic components manufacturers in Japan

שמור ב:
מידע ביבליוגרפי
פורמט: ספר
שפה:Undetermined
יצא לאור: Tokyo Yano Economic Research Institute Co. 1981
נושאים:
תגים: הוספת תג
אין תגיות, היה/י הראשונ/ה לתייג את הרשומה!
Thư viện lưu trữ: Trung tâm Học liệu Trường Đại học Cần Thơ
LEADER 00531nam a2200181Ia 4500
001 CTU_97928
008 210402s9999 xx 000 0 und d
082 |a 338.7 
082 |b P962 
245 0 |a Profile of electronic components manufacturers in Japan 
245 0 |c Yano Economic Research Institute Co. 
260 |a Tokyo 
260 |b Yano Economic Research Institute Co. 
260 |c 1981 
650 |a Electronics 
650 |x Economic aspects 
904 |i Năm 
980 |a Trung tâm Học liệu Trường Đại học Cần Thơ